First International Conference on Innovations in Contemporary IT Research ICITR-2012 17th and 18th February 2012/ (Record no. 191867)

MARC details
000 -LEADER
fixed length control field 00617nam a22001697a 4500
005 - DATE AND TIME OF LATEST TRANSACTION
control field 20220906110601.0
010 ## - LCCN (DPL NO)
LC control number ENG-134932
020 ## - INTERNATIONAL STANDARD BOOK NUMBER
International Standard Book Number 9789381899038
Terms of availability 1500.00
035 ## - SYSTEM CONTROL NUMBER
System control number EN-118464
037 ## - SOURCE OF ACQUISITION
Source of stock number/acquisition DBAD/PUB
082 ## - DEWEY DECIMAL CLASSIFICATION NUMBER
Classification number 004
245 ## - TITLE STATEMENT
Title First International Conference on Innovations in Contemporary IT Research ICITR-2012 17th and 18th February 2012/
Statement of responsibility, etc Edited Ananthi Sheshasaayee [et.al...]
260 ## - PUBLICATION, DISTRIBUTION, ETC. (IMPRINT)
Place of publication, distribution, etc Chennai
Name of publisher, distributor, etc Sakthi Pathippagam
Date of publication, distribution, etc 2012
270 ## - ADDRESS
Address 12, Anna Street, Chitlapakkam
City Chennai
Postal code 600064
Electronic mail address sakthiclassics@yahoo.in
300 ## - PHYSICAL DESCRIPTION
Extent vp.
Dimensions 29cm(pbk)
942 ## - ADDED ENTRY ELEMENTS (KOHA)
Source of classification or shelving scheme Dewey Decimal Classification
Item type English Books
Classification part 004
Call number suffix FIR
Holdings
Withdrawn status Lost status Not for loan Collection code Home library Current library Date acquired Source of acquisition Cost, normal purchase price Full call number Barcode Copy number Cost, replacement price Koha item type
    Not For Loan Reference Ashok Vihar Ashok Vihar 06/09/2022 DBAD/PUB 1500.00 004 FIR EN-118464 1 1500.00 English Books

© Delhi Public Library
Hit Counter
free hit counter